[Event "Deutsche Ländermeisterschaft 2020"]
[Site "Berlin GER"]
[Date "2020.09.30"]
[Round "1"]
[White "Kadach, Maria"]
[Black "Haubold, Sebastian Marcel"]
[Result "0-1"]
[Termination "normal"]
[Board "4.6"]
[WhiteElo "1539"]
[BlackElo "1769"]
[WhiteClock "00:32:45"]
[BlackClock "00:30:21"]
[WhiteTeam "Württemberg"]
[BlackTeam "Sachsen-Anhalt"]
[PlyCount "94"]
[WhiteFideId "16261798"]
[BlackFideId "16259637"]
[EventCountry "GER"]
[EventRounds "7"]
[EventType "team-swiss"]
[EventDate "2020.09.29"]

1. d4 Nf6 2. Bf4 g6 3. Nc3 c5 4. e3 b6 5. Nb5 d6 6. c3 Qd7 7. Nf3 cxd4 8. cxd4
a6 9. Nc3 Bg7 10. Qb3 Qd8 11. Ng5 e6 12. Nce4 Nxe4 13. Nxe4 Bf8 14. d5 e5 15.
Bg5 Be7 16. Bxe7 Kxe7 17. Be2 Nd7 18. Qc2 Bb7 19. Nc3 Rc8 20. e4 Kf6 21. Qd3
Kg7 22. h4 h6 23. Bg4 Rc7 24. Bxd7 Qxd7 25. Qe3 Rc5 26. a3 b5 27. O-O Qg4 28.
g3 g5 29. Qe2 Qxe2 30. Nxe2 Rc2 31. Nc3 Rxb2 32. Rfc1 Rc8 33. Kf1 Rc4 34. hxg5
hxg5 35. f3 Rb3 36. Ne2 Rxf3+ 37. Kg2 Re3 38. Kf2 Rexe4 39. Rd1 Rc2 40. Re1
Bxd5 41. Rad1 Bc4 42. Rxd6 Rcxe2+ 43. Rxe2 Rxe2+ 44. Kf3 f5 45. g4 f4 46. Rd7+
Kf6 47. Rd6+ Ke7 0-1

[Event "Deutsche Ländermeisterschaft 2020"]
[Site "Berlin GER"]
[Date "2020.09.30"]
[Round "1"]
[White "Voigt, Anastasia"]
[Black "Moldovan, Tatiana"]
[Result "1-0"]
[Termination "normal"]
[Board "4.7"]
[WhiteElo "1562"]
[BlackElo "1480"]
[WhiteClock "00:06:59"]
[BlackClock "00:05:23"]
[WhiteTeam "Sachsen-Anhalt"]
[BlackTeam "Württemberg"]
[PlyCount "93"]
[WhiteFideId "16235223"]
[BlackFideId "16287398"]
[EventCountry "GER"]
[EventRounds "7"]
[EventType "team-swiss"]
[EventDate "2020.09.29"]

1. e4 {[%clk 1:30:58]} c5 {[%clk 1:25:34]} 2. Nf3 {[%clk 1:31:17]} a6 {[%clk
1:23:46]} 3. c3 {[%clk 1:31:36]} e6 {[%clk 1:21:52]} 4. d4 {[%clk 1:31:48]} d5
{[%clk 1:20:48]} 5. e5 {[%clk 1:31:57]} Bd7 {[%clk 1:18:16]} 6. Bd3 {[%clk
1:31:30]} c4 {[%clk 1:15:58]} 7. Bc2 {[%clk 1:30:43]} Nc6 {[%clk 1:15:39]} 8.
O-O {[%clk 1:27:57]} h6 {[%clk 1:13:16]} 9. b3 {[%clk 1:25:47]} b5 {[%clk
1:09:55]} 10. a4 {[%clk 1:18:26]} Rb8 {[%clk 1:04:58]} 11. Ne1 {[%clk 0:58:12]}
Be7 {[%clk 0:49:57]} 12. f4 {[%clk 0:55:13]} g5 {[%clk 0:47:22]} 13. f5 {[%clk
0:48:11]} cxb3 {[%clk 0:42:03]} 14. Bxb3 {[%clk 0:43:24]} bxa4 {[%clk 0:40:50]}
15. fxe6 {[%clk 0:33:52]} Bxe6 {[%clk 0:39:09]} 16. Bxa4 {[%clk 0:32:22]} Qc7
{[%clk 0:37:11]} 17. Na3 {[%clk 0:30:50]} Kd8 {[%clk 0:34:53]} 18. Nac2 {[%clk
0:29:18]} f5 {[%clk 0:32:43]} 19. Nd3 {[%clk 0:28:03]} a5 {[%clk 0:30:05]} 20.
Bd2 {[%clk 0:26:18]} h5 {[%clk 0:27:11]} 21. Bxc6 {[%clk 0:25:53]} Qxc6 {[%clk
0:26:52]} 22. Rxa5 {[%clk 0:25:48]} h4 {[%clk 0:26:06]} 23. Ndb4 {[%clk
0:25:22]} Qc7 {[%clk 0:24:34]} 24. Ra6 {[%clk 0:24:52]} Bd7 {[%clk 0:24:39]}
25. Rg6 {[%clk 0:23:13]} g4 {[%clk 0:20:58]} 26. Na6 {[%clk 0:23:03]} Qc8
{[%clk 0:20:02]} 27. Nxb8 {[%clk 0:23:15]} Qxb8 {[%clk 0:20:21]} 28. Ne3 {[%clk
0:23:07]} Qc8 {[%clk 0:19:18]} 29. Nxd5 {[%clk 0:23:02]} Qb7 {[%clk 0:18:27]}
30. Nxe7 {[%clk 0:20:35]} Nxe7 {[%clk 0:18:31]} 31. Rd6 {[%clk 0:20:18]} h3
{[%clk 0:18:44]} 32. Qe2 {[%clk 0:20:01]} Rg8 {[%clk 0:18:27]} 33. g3 {[%clk
0:19:22]} Ke8 {[%clk 0:17:41]} 34. c4 {[%clk 0:19:11]} Nc8 {[%clk 0:15:45]} 35.
Rf6 {[%clk 0:18:59]} Ne7 {[%clk 0:15:23]} 36. d5 {[%clk 0:18:45]} Nxd5 {[%clk
0:14:10]} 37. cxd5 {[%clk 0:17:36]} Qxd5 {[%clk 0:14:10]} 38. Rc1 {[%clk
0:15:00]} Rg7 {[%clk 0:12:53]} 39. Rd6 {[%clk 0:14:11]} Qb7 {[%clk 0:13:09]}
40. e6 {[%clk 0:13:27]} Bb5 {[%clk 0:11:54]} 41. Qf2 {[%clk 0:10:45]} Ba4
{[%clk 0:10:03]} 42. Ba5 {[%clk 0:10:35]} Qe4 {[%clk 0:08:28]} 43. Rd8+ {[%clk
0:08:06]} Ke7 {[%clk 0:08:32]} 44. Qa7+ {[%clk 0:06:57]} Kxe6 {[%clk 0:07:00]}
45. Qb6+ {[%clk 0:07:08]} Bc6 {[%clk 0:05:22]} 46. Rxc6+ {[%clk 0:06:59]} Ke7
{[%clk 0:05:23]} 47. Qc7# 1-0

[Event "Deutsche Ländermeisterschaft 2020"]
[Site "Berlin GER"]
[Date "2020.09.30"]
[Round "1"]
[White "Matthes, Aaron"]
[Black "Nguyen, Alex Dac-Vuong"]
[Result "0-1"]
[Termination "normal"]
[Board "5.1"]
[BlackTitle "FM"]
[WhiteElo "2198"]
[BlackElo "2343"]
[WhiteTeam "Brandenburg"]
[BlackTeam "Sachsen"]
[PlyCount "112"]
[WhiteFideId "16227310"]
[BlackFideId "12984388"]
[EventCountry "GER"]
[EventRounds "7"]
[EventType "team-swiss"]
[EventDate "2020.09.29"]

1. d4 Nf6 2. Bg5 Ne4 3. h4 d5 4. Nd2 Nxg5 5. hxg5 Bf5 6. e3 e6 7. g4 Bg6 8. c4
c6 9. Qb3 Qb6 10. cxd5 Qxb3 11. Nxb3 Be4 12. f3 Bxd5 13. g6 fxg6 14. Bd3 Bb4+
15. Nd2 c5 16. Bxg6+ Ke7 17. a3 Bxd2+ 18. Kxd2 cxd4 19. Rxh7 Nc6 20. Rc1 Rxh7
21. Bxh7 Rh8 22. Bd3 Rh2+ 23. Be2 Ne5 24. exd4 Nxf3+ 25. Ke3 Ng5 26. Rf1 Rg2
27. Kf4 Nf7 28. b4 g5+ 29. Ke3 Nh6 30. Nf3 Nxg4+ 31. Kd3 Nf6 32. Ke3 Ng4+ 33.
Kd3 Nf6 34. Ke3 Rg3 35. Kf2 Ne4+ 36. Ke1 Nc3 37. Ne5 Nxe2 38. Rf7+ Ke8 39. Kxe2
Rxa3 40. Rg7 Rb3 41. Rxg5 Rxb4 42. Ke3 Rb3+ 43. Kf4 Kd8 44. Rg7 a5 45. Nd7 Rb4
46. Ke5 Kc7 47. Nc5+ Kb6 48. Rg1 a4 49. Nd3 Rb3 50. Nc5 Re3+ 51. Kd6 a3 52.
Rb1+ Ka7 53. Rb4 a2 54. Ra4+ Kb6 55. Ra8 Kb5 56. Nxb7 Re1 0-1

[Event "Deutsche Ländermeisterschaft 2020"]
[Site "Berlin GER"]
[Date "2020.09.30"]
[Round "1"]
[White "Tiarks, Jann-Christian"]
[Black "Dahl, Christoph"]
[Result "0-1"]
[Termination "normal"]
[Board "5.3"]
[WhiteTitle "CM"]
[WhiteElo "2151"]
[BlackElo "2262"]
[WhiteTeam "Brandenburg"]
[BlackTeam "Sachsen"]
[PlyCount "74"]
[WhiteFideId "12951595"]
[BlackFideId "16240235"]
[EventCountry "GER"]
[EventRounds "7"]
[EventType "team-swiss"]
[EventDate "2020.09.29"]

1. e4 c5 2. Nf3 d6 3. Bb5+ Nd7 4. Ba4 Ngf6 5. O-O Nxe4 6. Re1 Nef6 7. d4 e6 8.
d5 Qe7 9. Nc3 e5 10. Nb5 Kd8 11. Nxe5 Nxe5 12. f4 Bg4 13. Qd2 Nc4 14. Rxe7 Nxd2
15. Rxb7 Nc4 16. Nxa7 Na5 17. Rxf7 Bd7 18. Nc6+ Ke8 19. Rxd7 Nxd7 20. b3 Nxc6
21. dxc6 Nb6 22. Bb5 Kd8 23. Bb2 Kc7 24. a4 Nd5 25. Re1 Kb6 26. f5 Nc7 27. Bd3
Kxc6 28. Be4+ d5 29. Bf3 Re8 30. Rd1 Rg8 31. c4 Bd6 32. cxd5+ Kd7 33. Bg4 Re4
34. Bh3 Be5 35. f6+ Kd6 36. Bf5 Rh4 37. g3 gxf6 0-1

[Event "Deutsche Ländermeisterschaft 2020"]
[Site "Berlin GER"]
[Date "2020.09.30"]
[Round "1"]
[White "Simon, Tessa"]
[Black "Zackrisson, Peter"]
[Result "0-1"]
[Termination "normal"]
[Board "5.4"]
[WhiteElo "1860"]
[BlackElo "1947"]
[WhiteTeam "Sachsen"]
[BlackTeam "Brandenburg"]
[PlyCount "64"]
[WhiteFideId "12929395"]
[BlackFideId "16282078"]
[EventCountry "GER"]
[EventRounds "7"]
[EventType "team-swiss"]
[EventDate "2020.09.29"]

1. e4 c5 2. Nf3 Nc6 3. d4 cxd4 4. Nxd4 Nf6 5. Nc3 e5 6. Ndb5 d6 7. Bg5 a6 8.
Na3 b5 9. Nd5 Be7 10. Bxf6 Bxf6 11. c3 O-O 12. Nc2 Bg5 13. h4 Bh6 14. Nce3 Ne7
15. Nxe7+ Qxe7 16. Nd5 Qd8 17. g3 f5 18. Bg2 fxe4 19. Bxe4 Be6 20. Qd3 Kh8 21.
O-O Rb8 22. Rfd1 Qd7 23. Ne3 Qa7 24. Re1 d5 25. Bg2 Rbd8 26. Qe2 d4 27. cxd4
exd4 28. Ng4 Bxg4 29. Qxg4 d3 30. Rf1 Rc8 31. Rad1 d2 32. Be4 Qd4 0-1

[Event "Deutsche Ländermeisterschaft 2020"]
[Site "Berlin GER"]
[Date "2020.09.30"]
[Round "1"]
[White "Grabs, Peter"]
[Black "Hagenbeck-Hübert, Ben"]
[Result "0-1"]
[Termination "normal"]
[Board "5.5"]
[WhiteTitle "CM"]
[WhiteElo "1674"]
[BlackElo "1749"]
[WhiteTeam "Brandenburg"]
[BlackTeam "Sachsen"]
[PlyCount "58"]
[WhiteFideId "16203887"]
[BlackFideId "16230779"]
[EventCountry "GER"]
[EventRounds "7"]
[EventType "team-swiss"]
[EventDate "2020.09.29"]

1. e4 e5 2. Nf3 Nc6 3. Bb5 Nge7 4. O-O g6 5. c3 Bg7 6. Re1 O-O 7. d3 d6 8. Be3
Bd7 9. Ba4 f5 10. Bb3+ Kh8 11. Ng5 Qe8 12. Be6 h6 13. Bxd7 Qxd7 14. Nf3 f4 15.
Bc1 g5 16. g3 Qh3 17. Kh1 Rf7 18. Ng1 Qe6 19. Qh5 Raf8 20. Nf3 Kg8 21. g4 Nb8
22. Nbd2 Nd7 23. Qh3 Nc5 24. d4 Nd3 25. Re2 exd4 26. cxd4 Nb4 27. Nb3 Qc4 28.
Re1 Nc2 29. Nbd2 Qd3 0-1

[Event "Deutsche Ländermeisterschaft 2020"]
[Site "Berlin GER"]
[Date "2020.09.30"]
[Round "1"]
[White "Kempe, Caius Emilian"]
[Black "Jacoby, Angelina"]
[Result "1-0"]
[Termination "normal"]
[Board "5.6"]
[WhiteElo "1910"]
[BlackElo "1630"]
[WhiteTeam "Sachsen"]
[BlackTeam "Brandenburg"]
[PlyCount "92"]
[WhiteFideId "16246861"]
[BlackFideId "12999008"]
[EventCountry "GER"]
[EventRounds "7"]
[EventType "team-swiss"]
[EventDate "2020.09.29"]

1. b3 d5 2. Bb2 Bf5 3. e3 e6 4. Nf3 h6 5. Be2 Nf6 6. O-O Be7 7. Ne5 Nbd7 8. f4
O-O 9. d3 c5 10. Nd2 Nxe5 11. fxe5 Nd7 12. Bg4 Bh7 13. Qe2 Bg5 14. Nf3 Be7 15.
Rf2 Rc8 16. Raf1 Qc7 17. c4 Nb6 18. Nd2 Qd7 19. d4 dxc4 20. Nxc4 Nxc4 21. bxc4
cxd4 22. exd4 Qc6 23. Rc1 Rcd8 24. Bf3 Qb6 25. Kh1 Bg5 26. Rd1 Qa6 27. a3 b6
28. Bc3 Rde8 29. d5 exd5 30. cxd5 Qxe2 31. Rxe2 Rd8 32. Ree1 Bc2 33. Rd4 Bf5
34. h4 Be7 35. Bd1 Bc5 36. Rf4 Bg6 37. Bb3 Rfe8 38. g4 b5 39. h5 Bh7 40. d6 Rf8
41. Ref1 Bd3 42. Bxf7+ Rxf7 43. Rxf7 Bxf1 44. Rxf1 Re8 45. Kg2 a6 46. Rc1 Ba7
1-0

[Event "Deutsche Ländermeisterschaft 2020"]
[Site "Berlin GER"]
[Date "2020.09.30"]
[Round "1"]
[White "Schiewe, Nadin"]
[Black "Pohle, Saskia"]
[Result "1/2-1/2"]
[Termination "normal"]
[Board "5.7"]
[WhiteElo "1660"]
[BlackElo "1749"]
[WhiteTeam "Brandenburg"]
[BlackTeam "Sachsen"]
[PlyCount "74"]
[WhiteFideId "16209079"]
[BlackFideId "16201604"]
[EventCountry "GER"]
[EventRounds "7"]
[EventType "team-swiss"]
[EventDate "2020.09.29"]

1. d4 Nf6 2. Nf3 g6 3. e3 Bg7 4. Bd3 d5 5. c3 O-O 6. Nbd2 c5 7. Ne5 Qc7 8. O-O
b6 9. Qe2 Bb7 10. f4 e6 11. Rf3 Nbd7 12. Rh3 c4 13. Bc2 b5 14. Qe1 a5 15. Qh4
Rfc8 16. g4 Nf8 17. Ndf3 Qd6 18. f5 b4 19. g5 N6d7 20. f6 Bh8 21. Nxg6 fxg6 22.
Bxg6 hxg6 23. Qxh8+ Kf7 24. Ne5+ Nxe5 25. dxe5 Qc7 26. cxb4 axb4 27. Bd2 Qc5
28. Rf1 Ke8 29. Rh7 Rc7 30. Rxc7 Qxc7 31. Bxb4 Qf7 32. Qg7 Bc6 33. a3 Nh7 34.
h4 Ra7 35. Qh8+ Kd7 36. Qg7 Ke8 37. Qh8+ Kd7 1/2-1/2

[Event "Deutsche Ländermeisterschaft 2020"]
[Site "Berlin GER"]
[Date "2020.09.30"]
[Round "1"]
[White "Ottlik, Marie"]
[Black "Heuberger, Sandra"]
[Result "1-0"]
[Termination "normal"]
[Board "5.8"]
[WhiteElo "1454"]
[BlackElo "1004"]
[WhiteTeam "Sachsen"]
[BlackTeam "Brandenburg"]
[PlyCount "101"]
[WhiteFideId "16281730"]
[BlackFideId "16232151"]
[EventCountry "GER"]
[EventRounds "7"]
[EventType "team-swiss"]
[EventDate "2020.09.29"]

1. e4 e5 2. Nf3 Nc6 3. Bc4 Nf6 4. d3 Be7 5. c3 O-O 6. O-O d6 7. Bb3 Be6 8. Bc2
d5 9. Nbd2 Bc5 10. b4 Bb6 11. a4 a6 12. Ba3 Re8 13. Bb2 Bd7 14. Bb3 dxe4 15.
dxe4 Be6 16. Bc2 Bg4 17. h3 Bh5 18. b5 axb5 19. axb5 Rxa1 20. Bxa1 Ne7 21. c4
Ng6 22. Re1 Nf4 23. Nf1 Qe7 24. Ng3 Qc5 25. Rf1 Qxc4 26. Nxh5 N6xh5 27. Nxe5
Qe6 28. Bb3 Qe7 29. Bxf7+ Kf8 30. Bxe8 Kxe8 31. Kh2 Nf6 32. Qd2 Ne6 33. f4 Nxe4
34. Qd5 Nd6 35. g3 g6 36. Bb2 Ba7 37. Ra1 Bc5 38. Ra8+ Nd8 39. Qg8+ Qf8 40.
Rxd8+ Kxd8 41. Qxf8+ Ne8 42. Qxc5 b6 43. Qd4+ Nd6 44. Nf7+ Kd7 45. Nxd6 cxd6
46. Ba3 Kc7 47. Qxd6+ Kb7 48. Qd7+ Ka8 49. Qc7 h6 50. Bd6 g5 51. Qb8# 1-0

[Event "Deutsche Ländermeisterschaft 2020"]
[Site "Berlin GER"]
[Date "2020.09.30"]
[Round "1"]
[White "Hesse, Henrik"]
[Black "Reuker, Jari"]
[Result "0-1"]
[Termination "normal"]
[Board "6.1"]
[WhiteElo "2242"]
[BlackElo "2401"]
[WhiteClock "00:00:56"]
[BlackClock "00:00:57"]
[WhiteTeam "Berlin"]
[BlackTeam "Bremen"]
[PlyCount "74"]
[WhiteFideId "12952060"]
[BlackFideId "12909300"]
[EventCountry "GER"]
[EventRounds "7"]
[EventType "team-swiss"]
[EventDate "2020.09.29"]

1. c4 {[%clk 1:30:55]} e6 {[%clk 1:30:52]} 2. g3 {[%clk 1:31:15]} d5 {[%clk
1:31:15]} 3. cxd5 exd5 {[%clk 1:31:32]} 4. Bg2 {[%clk 1:24:46]} Nf6 {[%clk
1:31:53]} 5. Nf3 {[%clk 1:24:45]} Be7 {[%clk 1:30:05]} 6. d4 {[%clk 1:23:05]}
O-O {[%clk 1:30:19]} 7. O-O {[%clk 1:23:22]} c6 {[%clk 1:29:25]} 8. Nc3 {[%clk
1:23:12]} Bf5 {[%clk 1:24:50]} 9. Bf4 {[%clk 1:21:44]} Nbd7 {[%clk 1:23:59]}
10. Rc1 {[%clk 1:19:08]} Re8 {[%clk 1:23:27]} 11. Ne5 {[%clk 1:08:00]} Nf8
{[%clk 1:14:52]} 12. f3 {[%clk 0:49:11]} c5 {[%clk 0:59:49]} 13. e4 {[%clk
0:27:29]} Be6 {[%clk 0:46:26]} 14. dxc5 {[%clk 0:16:20]} Bxc5+ {[%clk 0:45:35]}
15. Kh1 {[%clk 0:16:47]} Rc8 {[%clk 0:33:22]} 16. a3 {[%clk 0:02:59]} dxe4
{[%clk 0:23:56]} 17. Qxd8 {[%clk 0:03:11]} Rexd8 {[%clk 0:23:33]} 18. fxe4
{[%clk 0:01:52]} Nh5 {[%clk 0:14:42]} 19. Nd5 {[%clk 0:01:36]} Nxf4 {[%clk
0:14:30]} 20. gxf4 {[%clk 0:01:24]} Nd7 {[%clk 0:07:52]} 21. Nxd7 {[%clk
0:00:51]} Bxd7 {[%clk 0:08:16]} 22. Rfd1 {[%clk 0:00:40]} Bf8 {[%clk 0:05:15]}
23. Bf3 {[%clk 0:00:48]} Ba4 {[%clk 0:05:05]} 24. Rxc8 {[%clk 0:00:35]} Rxc8
{[%clk 0:05:33]} 25. Rd2 {[%clk 0:00:38]} Rc1+ {[%clk 0:05:12]} 26. Kg2 {[%clk
0:01:02]} Bc5 {[%clk 0:03:28]} 27. Nc3 {[%clk 0:00:51]} Rg1+ {[%clk 0:03:30]}
28. Kh3 {[%clk 0:01:20]} Bb3 {[%clk 0:00:34]} 29. Rd8+ {[%clk 0:01:34]} Bf8
{[%clk 0:01:03]} 30. Nd5 {[%clk 0:01:23]} g6 {[%clk 0:00:49]} 31. Rd7 {[%clk
0:00:34]} Bc4 {[%clk 0:00:38]} 32. Bg2 {[%clk 0:00:32]} b5 {[%clk 0:00:34]} 33.
Rxa7 {[%clk 0:00:32]} Bc5 {[%clk 0:00:52]} 34. Rc7 {[%clk 0:00:32]} Bf2 {[%clk
0:00:42]} 35. a4 {[%clk 0:00:41]} h5 {[%clk 0:00:34]} 36. f5 {[%clk 0:00:31]}
Bxd5 {[%clk 0:00:33]} 37. exd5 {[%clk 0:00:56]} g5 {[%clk 0:00:57]} 0-1

[Event "Deutsche Ländermeisterschaft 2020"]
[Site "Berlin GER"]
[Date "2020.09.30"]
[Round "1"]
[White "Colbow, Collin"]
[Black "Ermitsch, Magnus"]
[Result "1-0"]
[Termination "normal"]
[Board "6.2"]
[WhiteElo "2210"]
[BlackElo "2025"]
[WhiteClock "00:17:02"]
[BlackClock "00:30:54"]
[WhiteTeam "Bremen"]
[BlackTeam "Berlin"]
[PlyCount "125"]
[WhiteFideId "16201132"]
[BlackFideId "16234464"]
[EventCountry "GER"]
[EventRounds "7"]
[EventType "team-swiss"]
[EventDate "2020.09.29"]

1. e4 c5 2. Nf3 e6 3. d4 cxd4 4. Nxd4 Nc6 5. Nc3 Qc7 6. Be2 Nf6 7. Be3 a6 8. a3
d6 9. g4 Ne5 10. g5 Nfd7 11. f4 Nc4 12. Bxc4 Qxc4 13. Qd3 Qxd3 14. cxd3 h6 15.
g6 Nc5 16. gxf7+ Kxf7 17. Kd2 Be7 18. b4 Nd7 19. f5 Nf6 20. fxe6+ Bxe6 21. Nxe6
Kxe6 22. Rhg1 g5 23. Raf1 d5 24. exd5+ Nxd5 25. Bd4 Rhe8 26. Re1+ Kd6 27. Bc5+
Kc6 28. Re6+ Kd7 29. Rxh6 Bxc5 30. bxc5 Nxc3 31. Kxc3 Rg8 32. Rh7+ Kc6 33. Kc4
Rh8 34. Rf7 Rxh2 35. Rxg5 Rh6 36. a4 b5+ 37. cxb6 Kxb6 38. a5+ Kc6 39. Rc5+ Kd6
40. Rfc7 Rh1 41. R5c6+ Ke5 42. d4+ Ke4 43. Re7+ Kf5 44. Rf7+ Kg5 45. d5 Rd8 46.
d6 Kg6 47. Rfc7 Kf6 48. Rxa6 Ke6 49. Re7+ Kf6 50. Rc7 Ke6 51. Re7+ Kf6 52. Re4
Kf5 53. Kd5 Rc1 54. Rc4 Rd1+ 55. Rd4 Rc1 56. Ra7 Re8 57. Rf7+ Kg6 58. Re7 Ra8
59. d7 Rxa5+ 60. Ke4 Ra8 61. Rd6+ Kh5 62. Rh7+ Kg4 63. Rg6# 1-0

[Event "Deutsche Ländermeisterschaft 2020"]
[Site "Berlin GER"]
[Date "2020.09.30"]
[Round "1"]
[White "Mätzkow, Maximilian Paul"]
[Black "Weidenhöfer, Max"]
[Result "1-0"]
[Termination "normal"]
[Board "6.3"]
[WhiteTitle "FM"]
[WhiteElo "2242"]
[BlackElo "1897"]
[WhiteClock "00:01:48"]
[BlackClock "00:04:18"]
[WhiteTeam "Berlin"]
[BlackTeam "Bremen"]
[PlyCount "73"]
[WhiteFideId "24679933"]
[BlackFideId "16230566"]
[EventCountry "GER"]
[EventRounds "7"]
[EventType "team-swiss"]
[EventDate "2020.09.29"]

1. e4 {[%clk 1:30:27]} c6 {[%clk 1:30:54]} 2. Nc3 {[%clk 1:30:53]} d5 {[%clk
1:31:16]} 3. Nf3 {[%clk 1:31:18]} Bg4 {[%clk 1:31:38]} 4. Be2 {[%clk 1:31:44]}
e6 {[%clk 1:31:41]} 5. O-O {[%clk 1:32:07]} Nf6 {[%clk 1:31:28]} 6. e5 {[%clk
1:32:25]} Nfd7 {[%clk 1:31:49]} 7. d4 {[%clk 1:32:49]} Be7 {[%clk 1:32:03]} 8.
Be3 {[%clk 1:25:38]} O-O {[%clk 1:27:50]} 9. h3 {[%clk 1:14:34]} Bxf3 {[%clk
1:21:33]} 10. gxf3 {[%clk 1:07:39]} c5 {[%clk 1:14:11]} 11. f4 {[%clk 1:06:31]}
Nc6 {[%clk 1:02:34]} 12. Kh2 {[%clk 0:50:53]} cxd4 {[%clk 0:54:20]} 13. Bxd4
{[%clk 0:51:15]} Nxd4 {[%clk 0:52:37]} 14. Qxd4 {[%clk 0:51:33]} Bc5 {[%clk
0:50:02]} 15. Qd3 {[%clk 0:51:50]} a6 {[%clk 0:43:25]} 16. Qg3 {[%clk 0:46:37]}
f6 {[%clk 0:34:25]} 17. Rg1 {[%clk 0:42:56]} Qe7 {[%clk 0:30:03]} 18. Bg4
{[%clk 0:40:24]} f5 {[%clk 0:22:41]} 19. Bf3 {[%clk 0:36:29]} Nb6 {[%clk
0:21:50]} 20. Rg2 {[%clk 0:35:49]} Kh8 {[%clk 0:20:55]} 21. Rag1 {[%clk
0:21:59]} Rg8 {[%clk 0:21:11]} 22. Nb1 {[%clk 0:22:00]} Rac8 {[%clk 0:20:33]}
23. c3 {[%clk 0:18:41]} Qd8 {[%clk 0:20:10]} 24. Nd2 {[%clk 0:16:56]} Na4
{[%clk 0:18:46]} 25. Be2 {[%clk 0:12:10]} b5 {[%clk 0:17:24]} 26. b3 {[%clk
0:12:07]} Nb6 {[%clk 0:15:10]} 27. Nf3 {[%clk 0:12:32]} Be7 {[%clk 0:14:32]}
28. Nd4 {[%clk 0:12:46]} Bh4 {[%clk 0:13:43]} 29. Qf3 {[%clk 0:05:23]} Qd7
{[%clk 0:13:55]} 30. Qh5 {[%clk 0:05:27]} Bd8 {[%clk 0:11:13]} 31. Rg6 {[%clk
0:05:04]} Rc6 {[%clk 0:07:48]} 32. Nxc6 {[%clk 0:02:34]} Qxc6 {[%clk 0:08:17]}
33. Bd3 {[%clk 0:01:31]} Qd7 {[%clk 0:07:58]} 34. R6g3 {[%clk 0:01:24]} Qe7
{[%clk 0:05:01]} 35. Rg5 {[%clk 0:01:23]} Nd7 {[%clk 0:04:00]} 36. Qxh7+ {[%clk
0:01:48]} Kxh7 {[%clk 0:04:18]} 37. Rh5# 1-0

[Event "Deutsche Ländermeisterschaft 2020"]
[Site "Berlin GER"]
[Date "2020.09.30"]
[Round "1"]
[White "Viet, Silas"]
[Black "Klühs, Gustaf"]
[Result "0-1"]
[Termination "normal"]
[Board "6.4"]
[WhiteElo "1846"]
[BlackElo "1827"]
[WhiteClock "00:30:30"]
[BlackClock "00:05:38"]
[WhiteTeam "Bremen"]
[BlackTeam "Berlin"]
[PlyCount "73"]
[WhiteFideId "16260392"]
[BlackFideId "16228936"]
[EventCountry "GER"]
[EventRounds "7"]
[EventType "team-swiss"]
[EventDate "2020.09.29"]

1. d4 {[%clk 1:30:57]} Nf6 {[%clk 1:30:36]} 2. Bf4 {[%clk 1:31:18]} g6 {[%clk
1:31:00]} 3. Nc3 {[%clk 1:31:33]} d5 {[%clk 1:27:12]} 4. h4 {[%clk 1:31:43]}
Bg7 {[%clk 1:27:25]} 5. e3 {[%clk 1:31:42]} c6 {[%clk 1:26:07]} 6. Bd3 {[%clk
1:30:50]} Nbd7 {[%clk 1:21:05]} 7. Nf3 {[%clk 1:27:12]} a5 {[%clk 1:16:40]} 8.
Ne5 {[%clk 1:20:54]} a4 {[%clk 1:05:39]} 9. a3 {[%clk 1:14:06]} Kf8 {[%clk
0:54:22]} 10. Qf3 {[%clk 1:05:31]} Nxe5 {[%clk 0:50:04]} 11. Bxe5 {[%clk
0:56:30]} h5 {[%clk 0:42:16]} 12. Qf4 {[%clk 0:38:44]} Qd7 {[%clk 0:35:22]} 13.
e4 {[%clk 0:34:33]} Qg4 {[%clk 0:29:58]} 14. Qxg4 {[%clk 0:34:50]} Bxg4 {[%clk
0:29:31]} 15. f3 {[%clk 0:32:28]} Be6 {[%clk 0:28:22]} 16. O-O-O {[%clk
0:31:01]} dxe4 {[%clk 0:26:02]} 17. Nxe4 {[%clk 0:27:30]} Nxe4 {[%clk 0:26:23]}
18. Bxg7+ {[%clk 0:27:48]} Kxg7 {[%clk 0:26:46]} 19. fxe4 {[%clk 0:28:00]} Rhd8
{[%clk 0:25:09]} 20. Be2 {[%clk 0:25:39]} Ra5 {[%clk 0:22:19]} 21. c4 {[%clk
0:22:22]} Bg4 {[%clk 0:21:02]} 22. Bxg4 {[%clk 0:22:42]} hxg4 {[%clk 0:21:25]}
23. Kc2 {[%clk 0:20:34]} e5 {[%clk 0:17:11]} 24. d5 {[%clk 0:13:32]} Rc5 {[%clk
0:17:29]} 25. b3 {[%clk 0:11:08]} b5 {[%clk 0:15:22]} 26. dxc6 {[%clk 0:10:53]}
Rxd1 {[%clk 0:13:18]} 27. Rxd1 {[%clk 0:11:17]} axb3+ {[%clk 0:13:10]} 28. Kxb3
{[%clk 0:11:30]} bxc4+ {[%clk 0:13:31]} 29. Kb4 {[%clk 0:09:56]} Rxc6 {[%clk
0:13:54]} 30. a4 {[%clk 0:03:52]} f5 {[%clk 0:10:44]} 31. Kc3 {[%clk 0:03:42]}
f4 {[%clk 0:10:03]} 32. a5 {[%clk 0:03:17]} Kh6 {[%clk 0:09:19]} 33. Rd8 {[%clk
0:02:52]} g3 {[%clk 0:08:21]} 34. Rh8+ {[%clk 0:00:56]} Kg7 {[%clk 0:08:35]}
35. Rd8 {[%clk 0:01:13]} Rc5 {[%clk 0:06:18]} 36. a6 {[%clk 0:00:35]} Ra5
{[%clk 0:05:38]} 37. Rd7+ {[%clk 0:30:30]} 0-1